000 00812nam a2200265 a 4500
001 000012661
003 DO-SdBNP
005 20170929135557.0
007 000012661
008 091116s2001 dr 001 f spa d
020 _a9993401811
040 _aBPMSU
_bspa
_cBPMSU
092 _aRD863.44
_bP438s
100 1 _aPérez, Mario Emilio,
_d1935-
245 1 3 _aEl subsecretario :
_b(novela) /
_cMario Emilio Pérez.
260 _aSanto Domingo :
_bSoto Castillo,
_c2001.
300 _a212 p. ;
_c22 cm.
500 _aIncluye datos biográficos del autor en la contracubierta.
650 4 _aNOVELA DOMINICANA
650 4 _aLITERATURA DOMINICANA
910 _aValidado. Control de calidad MFF
942 _2ddc
_cBK
945 _aTítulo remanejado para BNPHU
956 _aVMATEO
_b10
_c20150505
_lBPMSU
_h00151
999 _c7778
_d7778